000 00583nam a2200229Ia 4500
003 OSt
005 20221006164324.0
006 a|||||r|||| 00| 0
007 ta
008 221006b |||||||| |||| 00| 0 eng d
024 _a1,371
037 _cTextual
040 _aFML
_cFML
_beng
041 _2eng
_aeng
082 _a139k, K2
100 _aLarousse Ed.
_9677139
245 0 _aRudaux and De Vancouleurs
_b#NAME?
260 _aLondon
_bPaul Hamlyn
_c1962
300 _a506
_ccm.
942 _h139k, K2
_cTEXL
_2CC
999 _c1116852
_d1116852